Statistiques concernant Les sept arts libéraux

Cliquez ici pour prendre le quiz!

Statistiques générales

  • Ce quiz a été pris 84 fois
  • Le résultat moyen est 3 sur 7

Statistiques - réponses

Arts Libéraux% Correct
Arithmétique
74%
Musique
62%
Géométrie
53%
Astronomie
41%
Rhétorique
37%
Grammaire
30%
Dialectique
24%

Distribution des résultats

Percentile par nombre de réponses

% des personnes avec chaque résultat

Votre développement - résultats

Vous n’avez pas pris ce quiz